000 00439nam a2200205Ia 4500
003 IT-RoPAU
008 120407s9999 xx 000 0 und d
040 _aIT-RoPAU
040 _cIT-RoPAU
100 _aGiovanni Blandino
245 _aPhilosophia del cognoscentia e del scientia
250 _aRoma
260 _aColetti
260 _c1989
300 _a138 p.
300 _c21 cm
490 _v1
942 _cBK
999 _c25481
_d25481